000 00932nam0a22002411 4500
001 rc\550254
005 20260407091735.0
035 _a(NLR Aleph) 005786309
090 _a5152630
_c5152630
100 _a20030616d1987 |||y0rusy50 ca
101 0 _arus
102 _aRU
105 _ay |||||||||
200 1 _aЭкспресс-метод подготовки патологического материала для гистологического исследования
_eМетод. рекомендации
_fВАСХНИЛ, Отд-ние ветеринарии
_g[Разраб. В.Г. Квачевым]
210 _aМ.
_cБ. и.
_d1987
215 _a7, [1] с.
_d20
702 1 _aКвачев
_bВ.Г.
_4570
712 0 2 _aВАСХНИЛ
_bОтделение ветеринарии
_3RU\NLR\AUTH\8817236
_9307700
801 0 _aRU
_bNLR
_gpsbo
801 1 _aRU
_bELAR
_2rusmarc
852 _aNLR
_j87-6/3482
942 _cBOOK
980 _aNB